| 000 | 00526nam a22001697a 4500 | ||
|---|---|---|---|
| 005 | 20231102103045.0 | ||
| 008 | 231102b |||||||| |||| 00| 0 eng d | ||
| 041 | _aEnglish | ||
| 082 | _a346.6 GIB | ||
| 100 |
_aGibson, JTR _lEnglish |
||
| 245 |
_aSouth African Mercantile and Company Law / _cJTR Gibson |
||
| 250 | _aSecond Edition | ||
| 260 |
_aCape Town : _bJuta and Company Limited, _c1996 |
||
| 300 |
_bxxiv, 468 pages ; _c26 cm. |
||
| 650 |
_aLegal practice _bLaw |
||
| 942 |
_cBK _6ALISON_BN_VRIES |
||
| 999 |
_c254 _d254 |
||